=LDR 00000nam 2200000 4500 =001 INLIS000000000034994 =005 20130612140901 =008 ***********************************Ind** =035 ##$$0010-061300000034994 =041 ##$$a Ind =082 ##$$a 332.1 =090 ##$$a 332.1, Bas b =100 ##$$a Basyaib, Hamid =245 ##$$a Bank tanpa bunga, Hamid Basyaib =260 ##$$a 1993 $b Jakarta =300 ##$$a xi, 102 hlm, 22 cm =650 ##$$a Perbankan =850 ##$$a NBPNMAT